Využitie LMS Moodle v diaľkovej forme štúdia na NHF v predmete Informatika
Štruktúra predmetu a prostriedky použité v LMS systéme Moodle pre študentov diaľkového štúdia. Využívanie prostriedkov na podporu vyučovania pri predmete Excel. Tabuľkový kalkulátor. Výhody využitia LMS Moodle a možnosti jeho využitia vo výučbe odborných predmetov.
Salvato in:
| Autore principale: | |
|---|---|
| Natura: | Capitolo di libro |
| Lingua: | slovacco |
| Soggetti: | |
| Tags: |
Nessun Tag, puoi essere il primo ad aggiungerne!!
|
MARC
| LEADER | 00000nla$a2200000$$$4500 | ||
|---|---|---|---|
| 001 | 0075827 | ||
| 005 | 20240502071904.5 | ||
| 041 | 0 | |a slo | |
| 044 | |a SK | ||
| 245 | 1 | 0 | |a Využitie LMS Moodle v diaľkovej forme štúdia na NHF v predmete Informatika |c Agneša Gašperanová |
| 520 | |a Štruktúra predmetu a prostriedky použité v LMS systéme Moodle pre študentov diaľkového štúdia. Využívanie prostriedkov na podporu vyučovania pri predmete Excel. Tabuľkový kalkulátor. Výhody využitia LMS Moodle a možnosti jeho využitia vo výučbe odborných predmetov. | ||
| 610 | 2 | 0 | |a štúdium diaľkové |
| 610 | 2 | 0 | |a informatika |
| 610 | 2 | 0 | |a technológie informačné |
| 610 | 2 | 0 | |a technológie komunikačné |
| 610 | 2 | 0 | |a študenti |
| 610 | 2 | 0 | |a vyučovanie |
| 100 | 1 | |a Gašperanová, Agneša | |